Countries that Produce the Most Poultry - Statistics

General Stats
  • This quiz has been taken 43 times
  • The average score is 17 of 20
Answer Stats
Hint Answer % Correct
14,691,088 T Brazil
100%
23,400,00 T China
100%
22,030,226 T United States
100%
4,950,665 T India
97%
5,308,201 T Russia
97%
4,082,961 T Indonesia
95%
1,952,032 T United Kingdom
95%
3,799,952 T Mexico
92%
2,361,120 T Argentina
89%
1,912,736 T Thailand
86%
2,475,995 T Turkey
84%
1,820,126 T Colombia
81%
1,982,152 T Pakistan
81%
2,101,209 T Iran
78%
2,371,652 T Japan
78%
1,958,344 T South Africa
78%
2,637,549 T Egypt
76%
1,801,776 T Peru
70%
2,733,526 T Poland
65%
1,677,859 T Malaysia
51%
No matching quizzes found
Score Distribution
Percent of People with Each Score
Percentile by Number Answered
Your Score History
You have not taken this quiz